[Event "Xtracon Chess Open 2016"]
[Site "Helsingor DEN"]
[Date "2016.07.23"]
[Round "1.32"]
[White "Ochsner, Bjorn Moller"]
[Black "Andersen, Daniel"]
[Result "1-0"]
[WhiteTitle "FM"]
[BlackTitle "FM"]
[WhiteElo "2417"]
[BlackElo "1875"]
[WhiteFideId "1416928"]
[BlackFideId "1402714"]
[EventDate "2016.07.23"]

1. Nf3 Nf6 2. c4 g6 3. Nc3 d5 4. cxd5 Nxd5 5. Qc2 c5 6. Nxd5 Qxd5 7. e4 Qc6 8.
d4 Nd7 9. d5 Qb6 10. Bc4 Bg7 11. O-O O-O 12. Rb1 Ne5 13. Nxe5 Bxe5 14. Be3 Qc7
15. f4 Bg7 16. Bd3 b6 17. b4 f5 18. bxc5 bxc5 19. e5 Bb7 20. Qb3 1-0

[Event "Xtracon Chess Open 2016"]
[Site "Helsingor DEN"]
[Date "2016.07.23"]
[Round "1.33"]
[White "Fossan, Benjamin"]
[Black "Christiansen, Johan-Sebastian"]
[Result "0-1"]
[BlackTitle "IM"]
[WhiteElo "1873"]
[BlackElo "2411"]
[WhiteFideId "1518100"]
[BlackFideId "1512668"]
[EventDate "2016.07.23"]

1. e4 e6 2. d4 d5 3. Nc3 Nf6 4. e5 Nfd7 5. f4 c5 6. Nf3 Nc6 7. Be3 Be7 8. Be2
O-O 9. Qd2 b6 10. O-O f6 11. dxc5 Nxc5 12. Nd4 Bb7 13. Bb5 Nxd4 14. Bxd4 fxe5
15. fxe5 Qc7 16. Rxf8+ Rxf8 17. Rf1 Rxf1+ 18. Kxf1 Nd7 19. Qe3 Bc8 20. Kg1 Bc5
21. Bxd7 Bxd7 22. Ne2 Bb5 23. c3 Bxe2 24. Qxe2 Bxd4+ 25. cxd4 Qc1+ 26. Kf2 Qf4+
27. Ke1 Qxd4 28. g3 g6 29. b3 Kg7 30. Kf1 a5 31. Kg2 g5 32. h3 Qc3 33. g4 Qd4
34. Kh1 h5 35. gxh5 Qe4+ 36. Qxe4 dxe4 37. Kg2 Kh6 38. Kg3 Kxh5 39. a3 b5 40. b4
a4 41. Kf2 Kh4 42. Kg2 g4 43. hxg4 Kxg4 0-1

[Event "Xtracon Chess Open 2016"]
[Site "Helsingor DEN"]
[Date "2016.07.23"]
[Round "1.34"]
[White "Holm, Kristian Stuvik"]
[Black "Stuhlmann, Alexander"]
[Result "1-0"]
[WhiteTitle "IM"]
[WhiteElo "2411"]
[BlackElo "1873"]
[WhiteFideId "1508083"]
[BlackFideId "12969788"]
[EventDate "2016.07.23"]

1. d4 e6 2. c4 f5 3. g3 Bb4+ 4. Nd2 Nf6 5. Bg2 O-O 6. Nf3 d6 7. O-O Bxd2 8. Qxd2
Nbd7 9. Qc2 Ne4 10. b4 a5 11. b5 Rb8 12. Ne1 Ng5 13. c5 e5 14. cxd6 cxd6 15.
dxe5 dxe5 16. Ba3 Rf6 17. Rd1 Qe8 18. Qd2 h6 19. Qxa5 e4 20. Bd6 b6 21. Qa3 Rb7
22. f3 Nc5 23. h4 Nf7 24. Bxc5 bxc5 25. fxe4 fxe4 26. Rxf6 gxf6 27. Qc3 Qxb5 28.
Bxe4 Qxe2 29. Bf3 Qxa2 30. Bxb7 Bxb7 31. Qxf6 Qe2 32. Qg6+ Kf8 33. Qd3 Qg4 34.
Rd2 Be4 35. Qe3 Kg7 36. Rf2 Qg6 37. Ng2 Qc6 38. Nf4 Kh7 39. Qc3 Bg6 40. Re2 Qd6
41. Ne6 1-0

[Event "Xtracon Chess Open 2016"]
[Site "Helsingor DEN"]
[Date "2016.07.23"]
[Round "1.35"]
[White "Hansen, Ole Foss"]
[Black "Kristiansen, Jens"]
[Result "0-1"]
[BlackTitle "GM"]
[WhiteElo "1871"]
[BlackElo "2410"]
[WhiteFideId "1404075"]
[BlackFideId "1400061"]
[EventDate "2016.07.23"]

1. d4 Nf6 2. Nf3 d6 3. Bg5 Nbd7 4. Nc3 h6 5. Bh4 g5 6. Bg3 Nh5 7. e4 Bg7 8. Qd2
e6 9. O-O-O Qe7 10. Be2 a6 11. Ne1 Nxg3 12. hxg3 b5 13. a3 Bb7 14. Qe3 c5 15.
dxc5 dxc5 16. f4 Bd4 17. Qd2 O-O-O 18. Bf3 Nb6 19. b3 b4 20. axb4 cxb4 21. Na4
Nxa4 22. bxa4 b3 23. Kb1 Qa3 0-1

[Event "Xtracon Chess Open 2016"]
[Site "Helsingor DEN"]
[Date "2016.07.23"]
[Round "1.36"]
[White "Zude, Erik"]
[Black "Skovgaard, Andreas"]
[Result "1-0"]
[WhiteTitle "IM"]
[WhiteElo "2403"]
[BlackElo "1868"]
[WhiteFideId "4604644"]
[BlackFideId "1450760"]
[EventDate "2016.07.23"]

1. d4 d5 2. c4 Nf6 3. cxd5 Qxd5 4. Nc3 Qh5 5. Bf4 Nd5 6. Bd2 Nc6 7. e3 Qxd1+ 8.
Rxd1 Be6 9. a3 f5 10. Nge2 Nf6 11. g3 Bf7 12. Bg2 g6 13. O-O Bg7 14. Rc1 O-O 15.
b4 e5 16. b5 Na5 17. dxe5 Ng4 18. Nd5 Nb3 19. Bb4 Nxc1 20. Rxc1 Bxe5 21. h3 Nh6
22. Rxc7 Bxc7 23. Ne7+ 1-0

[Event "Xtracon Chess Open 2016"]
[Site "Helsingor DEN"]
[Date "2016.07.23"]
[Round "1.37"]
[White "Dittrich, Tom"]
[Black "Haria, Ravi"]
[Result "0-1"]
[BlackTitle "FM"]
[WhiteElo "1864"]
[BlackElo "2394"]
[WhiteFideId "12923532"]
[BlackFideId "415820"]
[EventDate "2016.07.23"]

1. e4 e6 2. d4 d5 3. Nc3 Bb4 4. e5 Ne7 5. a3 Bxc3+ 6. bxc3 b6 7. Qg4 Ng6 8. h4
h5 9. Qg3 Ba6 10. Bxa6 Nxa6 11. Bg5 Qc8 12. Ne2 c5 13. Rc1 cxd4 14. cxd4 Qc4 15.
Qf3 Nc7 16. Qb3 Rc8 17. Qxc4 dxc4 18. Nc3 O-O 19. g4 f6 20. exf6 gxf6 21. Bh6
hxg4 22. Bxf8 Kxf8 23. Ne4 Ke7 24. Kd2 f5 25. h5 Nf4 26. Ng3 Nb5 27. c3 Nd6 28.
h6 Nd3 29. h7 Rh8 30. Rcf1 f4 31. Ne2 Ne4+ 32. Kc2 f3 33. Ng3 Ndxf2 34. Nxe4
Nxe4 35. Rh4 Nf6 36. Kd2 Rxh7 37. Rxh7+ Nxh7 38. Ke3 Nf6 39. Kf4 Kd6 40. Re1 b5
41. Rc1 a5 42. Rc2 Nd5+ 43. Ke4 Ke7 44. Rc1 Kf6 45. Rh1 Kg5 46. Ke5 f2 47. Rf1
g3 48. Kxe6 Nf4+ 0-1

[Event "Xtracon Chess Open 2016"]
[Site "Helsingor DEN"]
[Date "2016.07.23"]
[Round "1.38"]
[White "Hoi, Carsten"]
[Black "Ingebretsen, Jens E"]
[Result "1-0"]
[WhiteTitle "GM"]
[WhiteElo "2386"]
[BlackElo "1862"]
[WhiteFideId "1400100"]
[BlackFideId "1522965"]
[EventDate "2016.07.23"]

1. d4 d5 2. Nf3 Nf6 3. e3 Bf5 4. c4 c6 5. Nc3 e6 6. Bd3 Bxd3 7. Qxd3 Nbd7 8. O-O
Bd6 9. e4 dxe4 10. Nxe4 Nxe4 11. Qxe4 Nf6 12. Qe2 O-O 13. Bg5 h6 14. Bh4 g5 15.
Bg3 Nh5 16. Bxd6 Qxd6 17. Rad1 Nf4 18. Qe3 b5 19. g3 Ng6 20. b3 Rfd8 21. h4 g4
22. Nh2 h5 23. Qg5 Kg7 24. Qxh5 f5 25. Qg5 Kh7 26. Rfe1 Rf8 27. Qe3 Rf6 28. cxb5
cxb5 29. Qd3 Kg7 30. Qxb5 Rh8 31. Qc5 Qb8 32. Rc1 Rf7 33. Rxe6 Rd7 34. Qxf5 1-0

[Event "Xtracon Chess Open 2016"]
[Site "Helsingor DEN"]
[Date "2016.07.23"]
[Round "1.39"]
[White "Kyrkjebo, Marte B."]
[Black "Thybo, Jesper Sondergaard"]
[Result "0-1"]
[BlackTitle "FM"]
[WhiteElo "1860"]
[BlackElo "2385"]
[WhiteFideId "1511602"]
[BlackFideId "1438832"]
[EventDate "2016.07.23"]

1. e4 c5 2. Nc3 e6 3. Nge2 Nc6 4. g3 d5 5. exd5 exd5 6. Bg2 d4 7. Nd5 Be6 8.
Ndf4 Bf5 9. O-O Nf6 10. d3 Qd7 11. c4 h6 12. Re1 O-O-O 13. Nd5 Nxd5 14. Bxd5 Nb4
15. Nf4 Bd6 16. a3 Nxd5 17. Nxd5 Rhe8 18. Rxe8 Rxe8 19. Bf4 Bxf4 20. Nxf4 Qc6
21. Nd5 Be6 22. Qf3 Qa4 23. Rc1 Qd7 24. h4 Rd8 25. Nf4 Bg4 26. Qg2 g5 27. hxg5
hxg5 28. Nd5 Qe6 29. f3 Bf5 30. Qd2 Re8 31. g4 Bg6 32. Rd1 Qe5 33. Qg2 Bxd3 34.
b3 Be2 35. Rd2 Bxf3 36. Qf2 Rh8 37. Qxf3 Qe1+ 38. Qf1 Rh1+ 39. Kxh1 Qxf1+ 40.
Kh2 d3 0-1

[Event "Xtracon Chess Open 2016"]
[Site "Helsingor DEN"]
[Date "2016.07.23"]
[Round "1.40"]
[White "Colpe, Malte"]
[Black "Sajjadi, Kimiya"]
[Result "1-0"]
[WhiteElo "2385"]
[BlackElo "1860"]
[WhiteFideId "24623075"]
[BlackFideId "1516434"]
[EventDate "2016.07.23"]

1. d4 d5 2. c4 e6 3. Nc3 Nf6 4. cxd5 exd5 5. Bg5 Nbd7 6. Qc2 Be7 7. e3 c6 8. Bd3
Nh5 9. Bxe7 Qxe7 10. O-O-O Nb6 11. Nf3 g6 12. h3 Ng7 13. Kb1 Be6 14. Rc1 O-O-O
15. Na4 Bf5 16. Nc5 Bxd3 17. Qxd3 Nf5 18. Qa3 Kb8 19. Ne5 Rhe8 20. Qb4 f6 21.
Ned3 Nd6 22. a4 Nd7 23. Na6+ Kc8 24. Qa5 Nb6 25. Nac5 Kc7 26. Qxa7 Ra8 27. Na6+
Kc8 28. Qxb6 Rxa6 29. Qb4 Qe4 30. Rhd1 Nc4 31. Rc2 Kc7 32. Nc5 1-0

[Event "Xtracon Chess Open 2016"]
[Site "Helsingor DEN"]
[Date "2016.07.23"]
[Round "1.41"]
[White "Overgaard, Jorgen"]
[Black "Risting, Eivind Olav"]
[Result "1/2-1/2"]
[BlackTitle "FM"]
[WhiteElo "1854"]
[BlackElo "2376"]
[WhiteFideId "1444875"]
[BlackFideId "1517333"]
[EventDate "2016.07.23"]

1. d4 Nf6 2. e3 c5 3. c3 g6 4. Bd3 Bg7 5. f4 O-O 6. Nf3 b6 7. O-O Bb7 8. Nbd2 d5
9. Ne5 Nbd7 10. Qf3 Qc7 11. g4 Ne8 12. Qh3 Nd6 13. g5 Nxe5 14. fxe5 Ne4 15. Qg2
Nxd2 16. Bxd2 f6 17. gxf6 exf6 18. exf6 Bxf6 19. Rf3 Qe7 20. Raf1 Bg5 21. Rxf8+
Rxf8 22. Rxf8+ Kxf8 23. Qg3 Kg7 24. Kg2 Bc6 25. Qf2 h5 26. Qg3 Be8 27. Qf2 Bd7
28. Qg3 h4 29. Qf2 Qe6 30. Kh1 Qe7 31. Kg2 h3+ 32. Kg1 Bg4 33. Qg3 Qe6 34. Qf2
c4 35. Bc2 Qd6 36. Qg3 Qxg3+ 37. hxg3 Be2 38. Kh2 Bg4 39. Bc1 Kf7 40. Bd2 b5 41.
a3 Bh6 42. Bc1 Kf6 43. Bd2 Bf8 44. e4 dxe4 45. Bxe4 Bd7 46. Bf4 g5 47. Be5+ Ke7
48. Bd5 Bh6 49. b3 cxb3 50. Bxb3 g4 51. c4 bxc4 52. Bxc4 Bc1 53. Ba6 Be3 54. Bc4
Bf2 55. Bb3 Kd8 56. Bc4 Be3 57. Ba6 Bc6 58. Bc4 Bf3 59. Ba6 Kd7 60. Bc4 Kc6 61.
a4 Kb6 62. Be6 Bg5 63. Bd7 Be7 64. Be6 Ka5 65. Bd7 Bd8 66. Bd6 Bb6 67. Be5 Kb4
68. Bb5 a5 69. Bd7 Kc4 70. Be6+ Kd3 71. d5 Ke2 72. d6 Bd8 73. Bc4+ Ke3 74. Bf4+
Kd4 75. Bb5 Kd5 76. Bd7 Bb6 77. Bc8 Kc6 78. Bf5 Bd8 1/2-1/2

[Event "Xtracon Chess Open 2016"]
[Site "Helsingor DEN"]
[Date "2016.07.23"]
[Round "1.42"]
[White "Jensson, Einar Hjalti"]
[Black "Lavrsen, Frands Winther"]
[Result "1-0"]
[WhiteTitle "IM"]
[WhiteElo "2371"]
[BlackElo "1851"]
[WhiteFideId "2301067"]
[BlackFideId "1411152"]
[EventDate "2016.07.23"]

1. e4 Nc6 2. Nf3 Nf6 3. e5 Ng4 4. d4 d6 5. h3 Nh6 6. exd6 exd6 7. Qe2+ Qe7 8.
Bxh6 gxh6 9. Nc3 Bf5 10. O-O-O O-O-O 11. Qd2 a6 12. d5 Ne5 13. Nd4 Bd7 14. Re1
Qf6 15. Ne4 Qg7 16. f4 Ng6 17. Ng3 Be7 18. Nh5 Qg8 19. Nc6 Re8 20. Bxa6 Bxc6 21.
dxc6 Ne5 22. Bxb7+ Kd8 23. Rxe5 Bh4 24. Ra5 Qg6 25. g3 Bxg3 26. Nxg3 Qxg3 27.
Ra8+ Ke7 28. Re1+ 1-0

[Event "Xtracon Chess Open 2016"]
[Site "Helsingor DEN"]
[Date "2016.07.23"]
[Round "1.43"]
[White "Svensson, Erik"]
[Black "Haubro, Martin"]
[Result "0-1"]
[BlackTitle "FM"]
[WhiteElo "1848"]
[BlackElo "2370"]
[WhiteFideId "1710575"]
[BlackFideId "1414291"]
[EventDate "2016.07.23"]

1. e4 e5 2. Nf3 Nc6 3. Bb5 a6 4. Ba4 Nf6 5. O-O Be7 6. Re1 b5 7. Bb3 d6 8. c3
O-O 9. h3 Na5 10. Bc2 c5 11. d4 Nd7 12. Nbd2 exd4 13. cxd4 Re8 14. Nf1 Nc6 15.
d5 Nce5 16. Nxe5 Nxe5 17. Ne3 Bf6 18. f4 Ng6 19. Ng4 Bd4+ 20. Kh1 h5 21. Nh2 Qh4
22. Rf1 Ra7 23. Nf3 Qg3 24. Nxd4 Nh4 25. Qe2 cxd4 26. Bd2 Qg6 27. Qf2 Qf6 28.
Bc3 Rc7 29. Bxd4 Rxc2 30. Bxf6 Rxf2 31. Rxf2 gxf6 32. Rc2 Ng6 33. Rac1 Bd7 34.
Rc7 Nf8 35. Re1 Bf5 36. Ra7 Bxe4 37. Kg1 f5 38. Rxa6 Ng6 39. g3 h4 40. Kf2 hxg3+
41. Kxg3 Rc8 42. Rc6 Rd8 43. Rd1 Ne7 44. Rb6 Nxd5 45. Rxb5 Ne3 46. Rd4 Kh7 47.
Kf2 Nc2 48. Rd1 Rg8 49. Rg1 Ra8 50. a3 Nd4 51. Rb6 Ne6 52. Rxd6 Nxf4 53. Rg3 Rc8
54. Rd2 Ne6 55. b4 f4 56. Rg1 Rc3 57. Rd7 Bg6 58. Ra7 Nd4 59. Rxg6 Kxg6 60. a4
Rc2+ 61. Kf1 Nf5 62. b5 f3 63. b6 Ne3+ 64. Kg1 f2+ 0-1

[Event "Xtracon Chess Open 2016"]
[Site "Helsingor DEN"]
[Date "2016.07.23"]
[Round "1.44"]
[White "Dauth, Benjamin"]
[Black "Smeby, Ole"]
[Result "0-1"]
[WhiteTitle "FM"]
[WhiteElo "2367"]
[BlackElo "1847"]
[WhiteFideId "4688104"]
[BlackFideId "1503677"]
[EventDate "2016.07.23"]

1. e4 d5 2. Nc3 dxe4 3. Nxe4 g6 4. Bc4 Bg7 5. Nf3 Nf6 6. Neg5 O-O 7. Ne5 e6 8.
d4 Nd5 9. Ngf3 Nd7 10. h4 Nxe5 11. dxe5 Nb6 12. Bd3 c5 13. c4 Qc7 14. Qe2 Bd7
15. h5 Bc6 16. hxg6 hxg6 17. Bf4 Bxf3 18. gxf3 Nd7 19. O-O-O Bxe5 20. Bh6 Bf4+
21. Kb1 Bxh6 22. Rxh6 Kg7 23. Rh3 Rh8 24. Rg3 Rh6 25. f4 Nf6 26. f5 exf5 27.
Bxf5 Rd8 28. Rdg1 Rd4 29. Ka1 Qf4 30. Rf3 Rd2 31. Rxf4 Rxe2 32. Bc8 b6 33. Bb7
Rh2 34. Rf1 g5 35. Rf3 Ng4 36. Bc8 Nxf2 37. Bf5 Rh1 38. Rb1 Rxb1+ 39. Kxb1 Ne4
40. Kc1 Nd6 41. Bd3 Re5 42. Rg3 f6 43. Kc2 Nf5 44. Rg1 Nd4+ 45. Kd1 Re3 46. Kd2
Rh3 47. Rg4 Nf3+ 0-1

[Event "Xtracon Chess Open 2016"]
[Site "Helsingor DEN"]
[Date "2016.07.23"]
[Round "1.45"]
[White "Larsen, Preben R."]
[Black "Sowray, Peter J"]
[Result "0-1"]
[BlackTitle "FM"]
[WhiteElo "1846"]
[BlackElo "2348"]
[WhiteFideId "1425790"]
[BlackFideId "400971"]
[EventDate "2016.07.23"]

1. e4 c5 2. Nf3 e6 3. d4 cxd4 4. Nxd4 a6 5. Be2 Nf6 6. Nd2 d6 7. O-O Be7 8. c3
O-O 9. Kh1 Qc7 10. Re1 b6 11. Bf3 Bb7 12. e5 dxe5 13. Bxb7 Qxb7 14. Qf3 Qxf3 15.
N4xf3 Ng4 16. Nxe5 Nxf2+ 17. Kg1 Bc5 18. Kf1 b5 19. Re2 f6 20. Nef3 Nd3 21. Rxe6
Nd7 22. b4 Bb6 23. Nb3 Bc7 24. a4 N7e5 25. axb5 axb5 26. Rea6 Rxa6 27. Rxa6 Nxf3
28. gxf3 Bxh2 29. Bd2 Be5 30. Rb6 Rc8 31. Nc5 Nxc5 32. f4 Bxc3 33. Bxc3 Na4 0-1

[Event "Xtracon Chess Open 2016"]
[Site "Helsingor DEN"]
[Date "2016.07.23"]
[Round "1.46"]
[White "Percivaldi, Martin"]
[Black "Madison, Sigurd"]
[Result "1-0"]
[WhiteTitle "FM"]
[WhiteElo "2347"]
[BlackElo "1846"]
[WhiteFideId "1508148"]
[BlackFideId "1711806"]
[EventDate "2016.07.23"]

1. d4 d5 2. c4 e6 3. Nf3 c6 4. g3 f5 5. Bg2 Nf6 6. O-O Be7 7. b3 Nbd7 8. Ba3 Nf8
9. Bxe7 Qxe7 10. Nc3 Bd7 11. Qc2 Ng6 12. e3 O-O 13. Rac1 Rac8 14. Qb2 Ng4 15.
Rfd1 h5 16. h3 Nh6 17. h4 Ng4 18. Ne2 a6 19. Rc2 Nf6 20. Nc1 Qd6 21. Nd3 Ng4 22.
Qc1 Kf7 23. a3 Ke7 24. b4 Rh8 25. Nc5 b5 26. cxd5 cxd5 27. Rd3 Kf6 28. Rdc3 Ne7
29. Ne5 Be8 30. Nb7 Qb6 31. Rxc8 Nxc8 32. Rxc8 Qxb7 33. Rc7 Qb6 34. Rf7+ Bxf7
35. Nd7+ Kg6 36. Nxb6 Nf6 37. Qc7 Be8 38. Qe7 Rf8 39. Qxf8 1-0

[Event "Xtracon Chess Open 2016"]
[Site "Helsingor DEN"]
[Date "2016.07.23"]
[Round "1.47"]
[White "Moller, Arne"]
[Black "Petersen, Tom Petri"]
[Result "0-1"]
[BlackTitle "FM"]
[WhiteElo "1843"]
[BlackElo "2346"]
[WhiteFideId "1406175"]
[BlackFideId "1403486"]
[EventDate "2016.07.23"]

1. e4 g6 2. d4 Bg7 3. Nc3 a6 4. Be3 d6 5. Bd3 Nd7 6. Nge2 b5 7. a3 c5 8. b3 Bb7
9. f3 Rc8 10. dxc5 dxc5 11. Rb1 Ba8 12. e5 Bxe5 13. Be4 Ngf6 14. Bxa8 Rxa8 15.
Bh6 Qa5 16. b4 cxb4 17. axb4 Qc7 18. Nd5 Qc4 19. Nxf6+ Nxf6 20. Qd2 Rd8 21. Qe3
Rg8 22. Qxe5 Qh4+ 23. Ng3 Qxh6 24. O-O Qd2 25. c3 Qd5 26. Qe2 Qd3 27. Qe5 Kf8
28. Rfe1 Qd6 29. Qg5 Qd2 30. Qc5 Qd6 31. Qg5 Rg7 32. Rbd1 Qxd1 33. Rxd1 Rxd1+
34. Kf2 Rg8 35. Qh6+ Ke8 36. Qf4 Rd6 37. Ne4 Nxe4+ 38. Qxe4 Kf8 39. c4 bxc4 40.
Qxc4 h5 41. b5 axb5 42. Qxb5 Re6 43. h4 Kg7 44. Qg5 Rc8 45. Qd2 Rc4 46. Kg3 f6
47. Qd5 Rcc6 48. Qd3 Rcd6 49. Qc4 Re5 50. Qc7 Rd2 51. Qb7 g5 52. hxg5 Rxg5+ 53.
Kf4 Re2 54. g3 Kh6 55. g4 h4 0-1

[Event "Xtracon Chess Open 2016"]
[Site "Helsingor DEN"]
[Date "2016.07.23"]
[Round "1.48"]
[White "Aabling-Thomsen, Jakob"]
[Black "Hansen, Tommy"]
[Result "1-0"]
[WhiteTitle "FM"]
[WhiteElo "2344"]
[BlackElo "1835"]
[WhiteFideId "1407589"]
[BlackFideId "1511009"]
[EventDate "2016.07.23"]

1. d4 Nf6 2. Bg5 Ne4 3. h4 d5 4. Nf3 c5 5. dxc5 Qa5+ 6. Nbd2 Nc6 7. c3 Nxg5 8.
hxg5 Qxc5 9. e4 dxe4 10. Nxe4 Qb6 11. Qe2 e5 12. O-O-O Be6 13. Qb5 Qc7 14. Qa4
a6 15. Bb5 Be7 16. Bxc6+ bxc6 17. Nxe5 O-O 18. f4 Qb6 19. Nxc6 Rfe8 20. Nxe7+
Rxe7 21. Qd4 Qxd4 22. Rxd4 Bxa2 23. Rhd1 Bb3 24. Rd8+ Re8 25. Rxa8 Rxa8 26. Rd6
Kf8 27. Nc5 Bc4 28. b3 Bf1 29. g3 Rc8 30. Rd5 Ke7 31. c4 a5 32. Re5+ Kd6 33.
Nb7+ Kc6 34. Nxa5+ Kb6 35. Kc2 Rc5 36. Rxc5 Kxc5 37. Kc3 Bg2 38. b4+ Kb6 39. Kd4
f6 40. gxf6 gxf6 41. Nb3 Kc6 42. b5+ Kb6 43. Nc5 Bh3 44. Kd5 Bg2+ 45. Kd6 f5 46.
Nd7+ Kb7 47. c5 Bf1 48. c6+ Kc8 49. Nb6+ 1-0

[Event "Xtracon Chess Open 2016"]
[Site "Helsingor DEN"]
[Date "2016.07.23"]
[Round "1.49"]
[White "Rasmussen, Henrik"]
[Black "Kramer, Julian"]
[Result "0-1"]
[BlackTitle "FM"]
[WhiteElo "1833"]
[BlackElo "2341"]
[WhiteFideId "1437011"]
[BlackFideId "12921742"]
[EventDate "2016.07.23"]

1. d4 Nf6 2. c4 g6 3. Nc3 d5 4. cxd5 Nxd5 5. e4 Nxc3 6. bxc3 Bg7 7. Bc4 c5 8.
Ne2 O-O 9. Be3 Nc6 10. Qd2 Qa5 11. Rd1 cxd4 12. cxd4 Qxd2+ 13. Rxd2 Bd7 14. O-O
Rfc8 15. Rc1 Na5 16. Rdc2 Nxc4 17. Rxc4 Rxc4 18. Rxc4 Bb5 19. Rc2 Bd3 20. Rb2
Bxe4 21. f3 Bc6 22. Rc2 Rd8 23. Kf2 e6 24. d5 Bxd5 25. Nf4 Bc6 26. Bxa7 h6 27.
Ke3 Bf8 28. Bb6 Ra8 29. Nd3 Ra3 30. Kd2 Bd6 31. Bc5 Bxc5 32. Nxc5 Bd5 33. Rb2
Kg7 34. Ke1 b5 35. Rxb5 Rxa2 0-1

[Event "Xtracon Chess Open 2016"]
[Site "Helsingor DEN"]
[Date "2016.07.23"]
[Round "1.50"]
[White "McPhillips, Joseph"]
[Black "Frederiksen Kristian, Pade"]
[Result "1-0"]
[WhiteTitle "FM"]
[WhiteElo "2341"]
[BlackElo "1832"]
[WhiteFideId "422487"]
[BlackFideId "1435205"]
[EventDate "2016.07.23"]

1. e4 e5 2. Nf3 Nc6 3. c3 Nf6 4. d4 Nxe4 5. d5 Ne7 6. Nxe5 Ng6 7. Nxg6 hxg6 8.
Qe2 Qe7 9. Bf4 d6 10. Na3 g5 11. Be3 Bf5 12. Qb5+ Bd7 13. Qxb7 Qd8 14. Bb5 Bxb5
15. Nxb5 Rb8 16. Nxc7+ Ke7 17. Qxa7 Kf6 18. Qd4+ 1-0

[Event "Xtracon Chess Open 2016"]
[Site "Helsingor DEN"]
[Date "2016.07.23"]
[Round "1.51"]
[White "Nordin, Eric"]
[Black "Buchal, Stephan"]
[Result "0-1"]
[BlackTitle "FM"]
[WhiteElo "1832"]
[BlackElo "2338"]
[WhiteFideId "1711822"]
[BlackFideId "4603915"]
[EventDate "2016.07.23"]

1. e4 g6 2. d4 Bg7 3. Nc3 d6 4. Nf3 a6 5. Be3 b5 6. a3 Bb7 7. Be2 Nd7 8. Qd2 Rc8
9. Rd1 c5 10. O-O cxd4 11. Bxd4 Ngf6 12. e5 dxe5 13. Nxe5 Nxe5 14. Bxe5 Qxd2 15.
Rxd2 O-O 16. Bf3 Bxf3 17. gxf3 Rfd8 18. Rfd1 Rxd2 19. Rxd2 Kf8 20. Kf1 Ke8 21.
Ke2 Bh6 22. Rd1 Nd7 23. Bd4 Rc6 24. Kd3 e5 25. Be3 Bg7 26. f4 f5 27. Kd2 exf4
28. Bxf4 Bxc3+ 29. bxc3 Nb6 30. Re1+ Kf7 31. Bg5 Re6 32. Rxe6 Kxe6 33. Kd3 Kd5
34. f4 Nc4 35. Be7 Nb2+ 36. Ke2 Ke4 37. Bd6 Nc4 38. Bc7 Nxa3 39. Kd2 Nb1+ 40.
Kc1 Nxc3 0-1

[Event "Xtracon Chess Open 2016"]
[Site "Helsingor DEN"]
[Date "2016.07.23"]
[Round "1.52"]
[White "Wadsworth, Matthew J"]
[Black "Hansen, Henrik Damgaard"]
[Result "1-0"]
[WhiteTitle "FM"]
[WhiteElo "2325"]
[BlackElo "1831"]
[WhiteFideId "415804"]
[BlackFideId "1409735"]
[EventDate "2016.07.23"]

1. e4 d5 2. exd5 Nf6 3. d4 Bg4 4. Be2 Bxe2 5. Qxe2 Qxd5 6. Nf3 e6 7. O-O c6 8.
c4 Qh5 9. Bf4 Na6 10. Nc3 O-O-O 11. Rfd1 Bd6 12. Bxd6 Rxd6 13. h3 Rhd8 14. a3
Nc7 15. b4 h6 16. b5 c5 17. dxc5 Qxc5 18. Rxd6 Qxd6 19. Ne5 Qe7 20. Qe3 Kb8 21.
b6 Na6 22. bxa7+ Ka8 23. Na4 Qc7 24. Rb1 Rf8 25. Nb6+ Kxa7 26. Nbd7+ 1-0

[Event "Xtracon Chess Open 2016"]
[Site "Helsingor DEN"]
[Date "2016.07.23"]
[Round "1.53"]
[White "Andersen, Dag"]
[Black "Flick, Antoine"]
[Result "0-1"]
[BlackTitle "FM"]
[WhiteElo "1830"]
[BlackElo "2318"]
[WhiteFideId "1504568"]
[BlackFideId "26025736"]
[EventDate "2016.07.23"]

1. d4 d5 2. c4 c6 3. e3 Nf6 4. Nf3 Bf5 5. Nc3 e6 6. Be2 h6 7. O-O Nbd7 8. b3 Bd6
9. Bb2 O-O 10. Rc1 Qe7 11. cxd5 exd5 12. h3 Bh7 13. Re1 Rae8 14. Bf1 Bb8 15. Ne2
g5 16. g3 Ne4 17. Bg2 f5 18. Rf1 Bd6 19. Ra1 Rf7 20. Qc1 Rg7 21. a4 Qe6 22. a5
a6 23. Ba3 Bb8 24. Ne1 Kh8 25. Nd3 Qg6 26. Nc5 Ndf6 27. Nc3 h5 28. N3xe4 dxe4
29. Kh1 f4 30. exf4 gxf4 31. Rg1 fxg3 32. f4 exf3 33. Bxf3 g2+ 34. Rxg2 Qf5 0-1

[Event "Xtracon Chess Open 2016"]
[Site "Helsingor DEN"]
[Date "2016.07.23"]
[Round "1.54"]
[White "Haug, Johannes"]
[Black "Calderon, Paul"]
[Result "1/2-1/2"]
[WhiteTitle "FM"]
[WhiteElo "2318"]
[BlackElo "1828"]
[WhiteFideId "1509268"]
[BlackFideId "2082160"]
[EventDate "2016.07.23"]

1. e4 c5 2. Nf3 Nc6 3. Bb5 g6 4. Bxc6 bxc6 5. O-O Bg7 6. Re1 d5 7. Nc3 d4 8. Na4
Qa5 9. b3 Nf6 10. d3 Bg4 11. Bd2 Qb5 12. h3 Bxf3 13. Qxf3 Nd7 14. Qe2 e5 15. c4
Qb8 16. Rf1 O-O 17. f4 exf4 18. Bxf4 Be5 19. Qg4 Qd6 20. Bxe5 Nxe5 21. Qg3 f6
22. Rf2 Rf7 23. Raf1 Raf8 24. Rf4 Nd7 25. Qg4 Ne5 26. Qe2 Nd7 27. Qg4 Ne5 28.
Qe2 Nd7 29. Qd2 Ne5 30. R4f2 Kg7 31. Rf4 Kg8 32. Nb2 Qe6 33. Nd1 f5 34. exf5
Rxf5 35. Rxf5 Rxf5 36. Rxf5 Qxf5 37. Nf2 Qf3 38. Ne4 Qxd3 39. Qf4 Nd7 40. Nd6
Qe3+ 41. Qxe3 dxe3 42. Kf1 Kf8 43. Ke2 Ke7 44. Ne4 h6 45. Kxe3 Ke6 46. Nf2 Kf5
47. Nd3 Ke6 48. g3 Kf5 49. g4+ Ke6 50. h4 g5 51. h5 Kf6 52. a3 a5 53. Ke4 Ke6
54. a4 Nf6+ 55. Kf3 Kd6 56. Nf2 Ke6 57. Nh1 Ke5 58. Ng3 Ke6 59. Nf1 Ke5 60. Ne3
Ke6 61. Nf1 Ke5 62. Ng3 Ke6 63. Nf1 Ke5 64. Ne3 Ke6 65. Nf5 Ng8 66. Ng7+ Kf7 67.
Nf5 Ke6 68. Kf2 Ke5 69. Ke3 Ke6 70. Kf3 Ke5 1/2-1/2

[Event "Xtracon Chess Open 2016"]
[Site "Helsingor DEN"]
[Date "2016.07.23"]
[Round "1.55"]
[White "Fridthjofsdottir, Sigurl. Regina"]
[Black "Matthiesen, Martin"]
[Result "0-1"]
[BlackTitle "FM"]
[WhiteElo "1815"]
[BlackElo "2316"]
[WhiteFideId "2300788"]
[BlackFideId "1404067"]
[EventDate "2016.07.23"]

1. e4 c5 2. c3 d5 3. exd5 Qxd5 4. d4 g6 5. Nf3 Bg7 6. Be2 cxd4 7. cxd4 Nf6 8.
Nc3 Qa5 9. O-O O-O 10. Ne5 Nc6 11. Nxc6 bxc6 12. Bf3 Nd5 13. Na4 Rd8 14. Bd2 Qc7
15. Bg5 h6 16. Be3 e5 17. Bxd5 Rxd5 18. Qc1 exd4 19. Bf4 Be5 20. Bxe5 Rxe5 21.
Qf4 Ba6 22. Qxd4 Bxf1 23. Kxf1 Rd5 24. Qe3 Qxh2 0-1